Control de calidad en construcción de casa de máquinas del proyecto hidroeléctrico Corobici

Guardat en:
Dades bibliogràfiques
Autor principal: Vargas Marin, Enrique
Format: Desconegut
Publicat: [San José, Costa Rica] 1980
Matèries:
Etiquetes: Afegir etiqueta
Sense etiquetes, Sigues el primer a etiquetar aquest registre!

MARC

LEADER 00000 a2200000 4500
003 001169
005 20221231143738.0
008 140114s1980 c a m 000 ||s d
040 |c cru CEDI 
090 |a TFG 906 
100 |a Vargas Marin, Enrique  |9 16087 
245 |a Control de calidad en construcción de casa de máquinas del proyecto hidroeléctrico Corobici 
260 |c 1980  |a [San José, Costa Rica] 
300 |a  [72] hojas : ilustraciones ; 28 cm  
500 |a Tesis (ingeniero civil)--Universidad de Costa Rica.  
650 |x INSTITUTO COSTARRICENSE DE ELECTRICIDAD.. PROYECTO HIDROELECTRICO DE COROBICI  |x CONSTRUCCION - CONTROL DE CALIDAD  |9 16088 
942 |c TFG 
999 |c 11183  |d 11183